101 Dalmatians. (Record no. 109097)
[ view plain ]
| 000 -LEADER | |
|---|---|
| fixed length control field | 00245nam a2200109 a 4500 |
| 005 - DATE AND TIME OF LATEST TRANSACTION | |
| control field | 20140414093837.0 |
| 008 - FIXED-LENGTH DATA ELEMENTS--GENERAL INFORMATION | |
| fixed length control field | 030528s19uu xx 00 eng d |
| 050 ## - LIBRARY OF CONGRESS CALL NUMBER | |
| Classification number | VHS 800 |
| Item number | OR 18 |
| 245 ## - TITLE STATEMENT | |
| Title | 101 Dalmatians. |
| 942 ## - ADDED ENTRY ELEMENTS (KOHA) | |
| Koha item type | Audio Visual Materials |
| Withdrawn status | Lost status | Damaged status | Home library | Current library | Shelving location | Date acquired | Source of acquisition | Total Checkouts | Full call number | Barcode | Date last seen | Price effective from | Koha item type |
|---|---|---|---|---|---|---|---|---|---|---|---|---|---|
| Luxembourg Library | Luxembourg Library | Audio Visual Material Section | 05/28/2003 | VHS 800 OR 18 | AV0706 | 04/14/2014 | 04/14/2014 | Audio Visual Materials |